[Event "Chigorin Memorial 2019"]
[Site "St Petersburg RUS"]
[Date "2019.10.07"]
[Round "3.130"]
[White "Svidinsky, Dmitry"]
[Black "Shevtsova, Stefania"]
[Result "1/2-1/2"]
[WhiteElo "2033"]
[BlackElo "1715"]
[WhiteFideId "24120251"]
[BlackFideId "24218162"]
[EventDate "2019.10.05"]

1. d4 d5 2. c4 c6 3. Nf3 Nf6 4. Nc3 a6 5. e3 b5 6. b3 Bg4 7. Be2 e6 8. O-O Nbd7
9. h3 Bh5 10. Bb2 Bd6 11. Ne5 Bxe2 12. Nxe2 Qc7 13. cxd5 cxd5 14. Rc1 Qb8 15.
Nxd7 Nxd7 16. Rc6 O-O 17. Qc2 Rc8 18. Rc1 Nb6 19. Rxc8+ Qxc8 20. Qd2 Qb7 21. Rc2
Rc8 22. Nc1 Rxc2 23. Qxc2 Qc7 24. Qxc7 Bxc7 1/2-1/2

[Event "Chigorin Memorial 2019"]
[Site "St Petersburg RUS"]
[Date "2019.10.07"]
[Round "3.131"]
[White "Svergina, Sofya"]
[Black "Shohradowa, Lala"]
[Result "1-0"]
[WhiteTitle "WCM"]
[BlackTitle "WFM"]
[WhiteElo "1738"]
[BlackElo "2024"]
[WhiteFideId "24276120"]
[BlackFideId "14004089"]
[EventDate "2019.10.05"]

1. d4 Nf6 2. c4 c5 3. d5 b5 4. cxb5 a6 5. bxa6 Bxa6 6. Nc3 d6 7. Nf3 g6 8. g3
Bg7 9. Bg2 O-O 10. O-O Nbd7 11. Re1 Qb6 12. Qc2 Rfb8 13. e4 Ng4 14. Bf1 Nge5 15.
Nxe5 Nxe5 16. Kg2 Bxf1+ 17. Rxf1 c4 18. Nd1 Qa6 19. Bd2 Nd3 20. Bc3 Bxc3 21.
Qxc3 Qb5 22. a3 f5 23. Rb1 fxe4 24. Ne3 Ra7 25. Ng4 h5 26. Ne3 Qc5 27. Qc2 Qd4
28. Qa4 Qf6 29. Qd1 Nxb2 30. Qe2 c3 31. Rfc1 Rf8 32. Rf1 Nd3 33. f3 Qd4 34. Nc2
Qxd5 35. Qxe4 Qxe4 36. fxe4 Rc8 37. Rb3 Rc4 38. Rb8+ Kg7 39. Rbf8 Rxe4 40. R1f7+
Kh6 41. Kf3 Ne5+ 42. Kxe4 Nxf7 43. Rxf7 1-0

[Event "Chigorin Memorial 2019"]
[Site "St Petersburg RUS"]
[Date "2019.10.07"]
[Round "3.132"]
[White "Vunder, Andrey"]
[Black "Soloviev, Mikhail"]
[Result "1-0"]
[WhiteElo "2027"]
[BlackElo "1704"]
[WhiteFideId "4128338"]
[BlackFideId "54106001"]
[EventDate "2019.10.05"]

1. d4 Nf6 2. Nf3 e6 3. Bg5 Be7 4. Nbd2 d5 5. e3 O-O 6. Bd3 Nbd7 7. O-O b6 8. c4
Bb7 9. Rc1 Ne4 10. Bxe7 Qxe7 11. cxd5 Nxd2 12. Qxd2 Bxd5 13. e4 Bb7 14. Rxc7 Bc8
15. Rfc1 Qd8 16. Qg5 f6 17. Qg3 g6 18. Qd6 Re8 19. Ba6 Nf8 20. Qxd8 Rxd8 21.
Rxc8 1-0

[Event "Chigorin Memorial 2019"]
[Site "St Petersburg RUS"]
[Date "2019.10.07"]
[Round "3.133"]
[White "Chesnokova, Anna"]
[Black "Vorobieva, Varvara"]
[Result "0-1"]
[WhiteElo "1683"]
[BlackElo "2015"]
[WhiteFideId "34237453"]
[BlackFideId "44126590"]
[EventDate "2019.10.05"]

1. e4 c6 2. c4 d5 3. exd5 cxd5 4. cxd5 Nf6 5. Bb5+ Nbd7 6. Nc3 a6 7. Qa4 Rb8 8.
Be2 b5 9. Qh4 Bb7 10. Nf3 Nxd5 11. d4 e6 12. Qg3 N7f6 13. O-O g6 14. Bg5 Bg7 15.
Ne5 h6 16. Bd2 Nxc3 17. Bxc3 O-O 18. Bd3 Ne4 19. Qg4 Nxc3 20. Nxg6 fxg6 21.
Qxe6+ Kh8 22. Qxg6 Be4 0-1

[Event "Chigorin Memorial 2019"]
[Site "St Petersburg RUS"]
[Date "2019.10.07"]
[Round "3.134"]
[White "Aga, Rihard"]
[Black "Terman, Alexander"]
[Result "1-0"]
[WhiteElo "1960"]
[BlackElo "1577"]
[WhiteFideId "4505603"]
[BlackFideId "44157363"]
[EventDate "2019.10.05"]

1. d4 Nf6 2. c4 g6 3. Nc3 d5 4. cxd5 Nxd5 5. e4 Nxc3 6. bxc3 Bg7 7. Bc4 c5 8.
Ne2 Nc6 9. Be3 O-O 10. O-O Qc7 11. Rc1 Rd8 12. Bf4 Be5 13. Bxe5 Nxe5 14. Bb3 c4
15. Bc2 Ng4 16. g3 Qa5 17. Qd2 Qh5 18. h4 Qa5 19. f3 Nf6 20. Rfd1 b5 21. e5 Nd5
22. h5 Qc7 23. Kf2 e6 24. Be4 Rb8 25. g4 a5 26. a3 Qe7 27. Rh1 Ba6 28. Qh6 Rb6
29. hxg6 fxg6 30. Bxg6 1-0

[Event "Chigorin Memorial 2019"]
[Site "St Petersburg RUS"]
[Date "2019.10.07"]
[Round "3.135"]
[White "Kvaratskheliya, Tristan"]
[Black "Stepanyan, Eva"]
[Result "1/2-1/2"]
[BlackTitle "WFM"]
[WhiteElo "1536"]
[BlackElo "1922"]
[WhiteFideId "34253637"]
[BlackFideId "34165980"]
[EventDate "2019.10.05"]

1. e4 e5 2. Nf3 Nc6 3. Bb5 a6 4. Ba4 Nf6 5. O-O Be7 6. Re1 b5 7. Bb3 d6 8. c3
O-O 9. h3 Na5 10. Bc2 c5 11. d4 Qc7 12. Nbd2 cxd4 13. cxd4 Nc6 14. d5 Nb4 15.
Bb1 a5 16. Nf1 Bd7 17. Ng3 g6 18. Be3 Rfc8 19. a3 Na6 20. Bd3 Qb7 21. Qd2 Nc5
22. Bxc5 Rxc5 23. Rac1 Rxc1 24. Rxc1 Bd8 25. Qh6 b4 26. axb4 Qxb4 27. Qd2 Qb6
28. Qc2 Rb8 29. Rb1 a4 30. Nd2 Qb4 31. Nc4 Bb5 32. Na3 Bxd3 33. Qxd3 Rc8 34. Qb5
Qd2 35. Nc4 Qd3 36. Na3 Qd4 37. Qa6 Qc5 38. Qb5 Qa7 39. Nc4 Rc5 40. Qb4 Qa6 41.
Ne3 Nd7 42. Ra1 Nb6 43. b3 Bg5 44. bxa4 Bxe3 45. fxe3 Nc4 46. Rc1 Kg7 47. Kh2 h5
48. h4 Qc8 49. a5 Nxa5 50. Rxc5 Qxc5 51. Qxc5 dxc5 52. Kg1 Kf6 53. Kf2 Ke7 54.
Ke2 Kd6 55. Kd3 Nb7 56. Nf1 Kc7 57. Nd2 Nd6 58. Nc4 Nxc4 59. Kxc4 Kd6 60. g3 f5
61. Kb5 c4 62. exf5 c3 63. fxg6 c2 64. g7 c1=Q 65. g8=Q Qc5+ 1/2-1/2

[Event "Chigorin Memorial 2019"]
[Site "St Petersburg RUS"]
[Date "2019.10.07"]
[Round "3.136"]
[White "Kobak, Polina"]
[Black "Rubtsov, Aleksandr"]
[Result "0-1"]
[WhiteElo "1549"]
[BlackElo "1883"]
[WhiteFideId "24269727"]
[BlackFideId "34179272"]
[EventDate "2019.10.05"]

1. d4 d5 2. c4 c6 3. Nf3 Nf6 4. Qc2 dxc4 5. Qxc4 Bg4 6. Nbd2 e6 7. g3 Nbd7 8.
Bg2 Be7 9. O-O O-O 10. e4 Re8 11. b3 h6 12. Bb2 Rc8 13. h3 Bh5 14. g4 Bg6 15.
Qe2 c5 16. Ne5 cxd4 17. Nxg6 fxg6 18. Bxd4 e5 19. Be3 Bc5 20. Nc4 Qe7 21. Rfd1
Red8 22. Qb2 Bxe3 23. Nxe3 Nc5 24. Nd5 Qe6 25. Qe2 Qf7 26. Rac1 Ne6 27. Qe3 b6
28. Rxc8 Rxc8 29. Rc1 Rd8 30. Kh2 g5 31. Qc3 Nd4 32. Qc7 Rd7 33. Qxe5 Nxd5 34.
exd5 Qxf2 35. Qe8+ Qf8 36. Qe4 Qf4+ 37. Qxf4 gxf4 38. Rd1 Nb5 39. Kg1 Kf7 40.
Kf2 Kf6 41. h4 Nc3 42. Rd2 Ke5 43. Rc2 Rc7 44. Rd2 Rd7 45. Rc2 Kd4 46. Rd2+ Ke5
47. Rc2 Nxd5 48. Rc4 g5 49. hxg5 hxg5 50. Re4+ Kf6 51. Rd4 Ke6 0-1

[Event "Chigorin Memorial 2019"]
[Site "St Petersburg RUS"]
[Date "2019.10.07"]
[Round "3.137"]
[White "Kurchenko, Egor"]
[Black "Davidov, Alexey"]
[Result "1-0"]
[WhiteElo "1917"]
[BlackElo "1658"]
[WhiteFideId "54157749"]
[BlackFideId "34106410"]
[EventDate "2019.10.05"]

1. f4 d5 2. Nf3 c5 3. e3 Nf6 4. b3 g6 5. Bb2 Bg7 6. d3 O-O 7. Nbd2 Nc6 8. Qe2 b6
9. a3 Ba6 10. g3 Ne4 11. Bxg7 Kxg7 12. Bg2 Nc3 13. Qf2 Rc8 14. O-O d4 15. e4 b5
16. Rac1 e6 17. Bh3 Rc7 18. Kh1 Bc8 19. g4 h6 20. Qg3 a5 21. g5 h5 22. Nh4 Re7
23. Rf2 Qc7 24. Rcf1 Rfe8 25. Qg2 Kh7 26. f5 exf5 27. exf5 Ne5 28. f6 Bxh3 29.
Qxh3 Re6 30. Nf5 Ng4 31. Rf4 Ne3 32. Ng7 Nxf1 33. Nxh5 Kg8 1-0

[Event "Chigorin Memorial 2019"]
[Site "St Petersburg RUS"]
[Date "2019.10.07"]
[Round "3.138"]
[White "Romanov, Nikita M."]
[Black "Filimonov, Mikhail A."]
[Result "0-1"]
[WhiteElo "1587"]
[BlackElo "1915"]
[WhiteFideId "34273875"]
[BlackFideId "24205354"]
[EventDate "2019.10.05"]

1. e4 e5 2. Nf3 Nc6 3. Bb5 a6 4. Ba4 Nf6 5. d3 b5 6. Bb3 Be7 7. O-O d6 8. c3 O-O
9. h3 Na5 10. Bc2 c5 11. d4 Qc7 12. d5 c4 13. Nbd2 Nb7 14. Re1 Nc5 15. Nf1 Bd7
16. Ng3 Rfc8 17. Nh2 Qb6 18. Qf3 g6 19. Bg5 Kg7 20. Qe3 Na4 21. Qc1 Rab8 22. a3
Nc5 23. h4 h5 24. Be3 Qd8 25. f4 Ng4 26. Nxg4 Bxh4 0-1

[Event "Chigorin Memorial 2019"]
[Site "St Petersburg RUS"]
[Date "2019.10.07"]
[Round "3.139"]
[White "Shmoilov, Dmitry"]
[Black "Kudryavtseva, Anastasia"]
[Result "1-0"]
[WhiteElo "1904"]
[BlackElo "1501"]
[WhiteFideId "24160342"]
[BlackFideId "44166320"]
[EventDate "2019.10.05"]

1. Nf3 Nf6 2. g3 g6 3. Bg2 Bg7 4. c4 d6 5. d4 O-O 6. Nc3 Nc6 7. O-O a6 8. Qd3
Re8 9. h3 e5 10. dxe5 Nxe5 11. Nxe5 Rxe5 12. Bf4 Re8 13. Rad1 Qe7 14. e4 Be6 15.
b3 Rad8 16. Rfe1 h6 17. Kh2 Kh7 18. Qd2 b6 19. Nd5 Bxd5 20. cxd5 Nd7 21. Qc2 Nf6
22. e5 dxe5 23. Rxe5 Qd7 24. Rxe8 Nxe8 25. h4 Qe7 26. Qd2 Nd6 27. Re1 Qf8 28.
Qc2 Rd7 29. Qc6 Qd8 30. Bh3 f5 31. h5 Re7 32. hxg6+ Kxg6 33. Re6+ Rxe6 34. dxe6
Qe7 35. Qd5 Bf6 36. Bxd6 Qxd6 37. Qxf5+ 1-0

[Event "Chigorin Memorial 2019"]
[Site "St Petersburg RUS"]
[Date "2019.10.07"]
[Round "3.140"]
[White "Stepanov, Artem"]
[Black "Bajaramov, Elvin"]
[Result "1-0"]
[WhiteElo "1401"]
[BlackElo "1881"]
[WhiteFideId "34253769"]
[BlackFideId "24142514"]
[EventDate "2019.10.05"]

1. e4 e5 2. Nf3 Nf6 3. Nxe5 d6 4. Nf3 Nxe4 5. Qe2 Qe7 6. d3 Nf6 7. Bg5 Nbd7 8.
Nbd2 Nc5 9. Bxf6 gxf6 10. Qxe7+ Bxe7 11. O-O-O f5 12. Re1 Kf8 13. d4 Ne6 14. Nc4
Bf6 15. c3 b5 16. Ne3 Rb8 17. Nxf5 b4 18. Ne3 bxc3 19. bxc3 Bb7 20. Nd2 Nf4 21.
f3 c5 22. Nf5 Bd5 23. Ne4 Bxe4 24. Rxe4 Nd5 25. Kc2 cxd4 26. Nxd4 Rc8 27. c4
Nb4+ 28. Kb3 Rb8 29. Nb5 Nc6 30. Kc2 a6 31. Nxd6 Nb4+ 32. Kd2 Nxa2 33. Bd3 Rb2+
34. Ke3 Bc3 35. Re8+ Kg7 36. Nf5+ Kg6 37. Nd4+ Kg7 38. Nf5+ Kg6 39. Nd6+ Kg7 40.
Rxh8 Kxh8 41. Rb1 Rxg2 42. Rb8+ Rg8 43. Rb7 Rg2 44. Nxf7+ Kg8 45. Nh6+ Kf8 46.
Rb8+ Ke7 47. Nf5+ Kd7 48. Rb7+ Ke6 49. Rb6+ Kf7 50. Be4 Nb4 51. Nh6+ Ke8 52. Ng4 1-0

[Event "Chigorin Memorial 2019"]
[Site "St Petersburg RUS"]
[Date "2019.10.07"]
[Round "3.141"]
[White "Khodko, Yurii N."]
[Black "Chereshkevich, Yuri"]
[Result "1-0"]
[WhiteElo "1877"]
[BlackElo "1478"]
[WhiteFideId "24264717"]
[BlackFideId "34282882"]
[EventDate "2019.10.05"]

1. e4 e6 2. d4 d5 3. Nd2 c5 4. exd5 exd5 5. Ngf3 Nc6 6. dxc5 Bxc5 7. Nb3 Bb6 8.
Bd3 Qe7+ 9. Qe2 Nf6 10. Qxe7+ Nxe7 11. O-O Bf5 12. Re1 Bd8 13. Bxf5 1-0

[Event "Chigorin Memorial 2019"]
[Site "St Petersburg RUS"]
[Date "2019.10.07"]
[Round "3.142"]
[White "Kudin, Alexander"]
[Black "Kotlyar, Anfisa"]
[Result "1-0"]
[WhiteElo "1824"]
[BlackElo "1118"]
[WhiteFideId "24248550"]
[BlackFideId "24216291"]
[EventDate "2019.10.05"]

1. e4 c6 2. d4 d5 3. exd5 cxd5 4. Nf3 Bf5 5. c3 a6 6. Bf4 Nf6 7. Nbd2 e6 8. h3
Be7 9. Nh4 Bg6 10. Nxg6 hxg6 11. Bd3 Nc6 12. Qe2 Qd7 13. Nf3 Nh5 14. Bh2 Bd6 15.
Ne5 Nxe5 16. dxe5 Bc7 17. g4 Rc8 18. gxh5 Rxh5 19. Bg3 Qc6 20. Qg4 d4 21. Be4
Qd7 22. O-O Bxe5 23. Bxe5 Rxe5 24. cxd4 Qxd4 25. Bc6+ 1-0

[Event "Chigorin Memorial 2019"]
[Site "St Petersburg RUS"]
[Date "2019.10.07"]
[Round "3.144"]
[White "Frolov, Zakhar"]
[Black "Biriukov, Ilja"]
[Result "0-1"]
[BlackTitle "IM"]
[WhiteElo "1213"]
[BlackElo "2349"]
[WhiteFideId "34428380"]
[BlackFideId "4113373"]
[EventDate "2019.10.05"]

1. e4 d5 2. exd5 Nf6 3. d4 Nxd5 4. c4 Nf6 5. Nc3 g6 6. Bf4 Bg7 7. Nf3 O-O 8. Qd2
Bf5 9. Bd3 Bxd3 10. Qxd3 Nc6 11. O-O Nh5 12. Be3 e5 13. Rad1 exd4 14. Nxd4 Ne5
15. Qe2 Qh4 16. Nf3 Qxc4 17. Nxe5 Qxe2 18. Nxe2 Bxe5 19. Bd4 Rfe8 20. Bxe5 Rxe5
21. Ng3 Nxg3 22. fxg3 Rae8 23. Rf2 Re1+ 24. Rxe1 Rxe1+ 25. Rf1 Rxf1+ 26. Kxf1 f5 0-1

[Event "Chigorin Memorial 2019"]
[Site "St Petersburg RUS"]
[Date "2019.10.07"]
[Round "3.146"]
[White "Vershinin, Igor"]
[Black "Dudarev, Vladislav"]
[Result "1-0"]
[WhiteElo "1610"]
[BlackElo "2034"]
[WhiteFideId "24256137"]
[BlackFideId "54134862"]
[EventDate "2019.10.05"]

1. e4 c5 2. Nf3 d6 3. d4 cxd4 4. Nxd4 Nf6 5. Nc3 g6 6. Be3 Bg7 7. f3 O-O 8. Qd2
Nc6 9. O-O-O d5 10. Kb1 Nxd4 11. e5 Nd7 12. Bxd4 Nxe5 13. Qe1 Qd6 14. f4 Ng4 15.
Bxg7 Kxg7 16. Nxd5 Be6 17. h3 Bxd5 18. hxg4 Qe6 19. Qc3+ f6 20. f5 Qg8 21. fxg6
hxg6 22. Qe3 Rad8 23. b3 Be6 24. Re1 Bxg4 25. Qh6+ Kf7 26. Qh7+ Qxh7 27. Rxh7+
Kg8 28. Rexe7 Rd1+ 29. Kb2 Rc8 30. Bc4+ Rxc4 31. bxc4 Bc8 32. Reg7+ Kf8 33. Rxg6 1-0

[Event "Chigorin Memorial 2019"]
[Site "St Petersburg RUS"]
[Date "2019.10.07"]
[Round "3.147"]
[White "Zakharov, Yuri"]
[Black "Gordon, Evgeny"]
[Result "0-1"]
[WhiteElo "1600"]
[BlackElo "2030"]
[WhiteFideId "4166620"]
[BlackFideId "2807289"]
[EventDate "2019.10.05"]

1. Nf3 d5 2. g3 c5 3. Bg2 Nf6 4. d4 cxd4 5. Nxd4 e5 6. Nf3 Nc6 7. O-O h6 8. b3
Bc5 9. Bb2 Qe7 10. c3 a6 11. a4 e4 12. Nd4 Nxd4 13. cxd4 Bd6 14. Qd2 Be6 15. Ba3
O-O 16. Bxd6 Qxd6 17. e3 Rfc8 18. Na3 Rc7 19. b4 Rd8 20. Ra2 Nd7 21. a5 0-1

[Event "Chigorin Memorial 2019"]
[Site "St Petersburg RUS"]
[Date "2019.10.07"]
[Round "3.148"]
[White "Kulek, Yuri"]
[Black "Timirev, Sergey"]
[Result "1-0"]
[WhiteElo "2029"]
[BlackElo "1613"]
[WhiteFideId "4191684"]
[BlackFideId "24181676"]
[EventDate "2019.10.05"]

1. d4 f5 2. Nf3 Nf6 3. g3 e6 4. Bg2 Be7 5. O-O O-O 6. c4 d5 7. cxd5 exd5 8. Nc3
c6 9. Qc2 Ne4 10. Bf4 Nd7 11. Rab1 g5 12. Bc1 Kg7 13. b3 h5 14. Bb2 Qe8 15. Nd2
Bd6 16. Qd3 Nxd2 17. Qxd2 f4 18. e4 fxe3 19. fxe3 Nf6 20. e4 dxe4 21. Rbe1 e3
22. Rxe3 Qg6 23. d5 Bc5 24. Ne4 Bxe3+ 25. Qxe3 Bf5 26. Nxf6 1-0

[Event "Chigorin Memorial 2019"]
[Site "St Petersburg RUS"]
[Date "2019.10.07"]
[Round "3.149"]
[White "Sapegin, Yaroslav"]
[Black "Klimentiev, Sergey"]
[Result "1-0"]
[WhiteElo "1967"]
[BlackElo "1591"]
[WhiteFideId "44168322"]
[BlackFideId "24155896"]
[EventDate "2019.10.05"]

1. d4 Nf6 2. c4 e6 3. g3 d5 4. Bg2 Be7 5. Nf3 O-O 6. O-O b6 7. cxd5 exd5 8. Nc3
Bb7 9. Ne5 Nbd7 10. Qa4 Nb8 11. Rd1 a6 12. Bg5 h6 13. Bxf6 Bxf6 14. Qb3 c6 15.
Na4 Bxe5 16. dxe5 Nd7 17. e4 Qc7 18. exd5 cxd5 19. f4 b5 20. Rac1 Qb8 21. Nc3
Nc5 22. Qb4 Qa7 23. Nxb5 Nd3+ 24. Nxa7 Nxb4 25. a3 Rxa7 26. axb4 Ba8 27. Bxd5
Bxd5 28. Rxd5 Rb8 29. f5 Rab7 30. e6 fxe6 31. fxe6 Kf8 32. Rd7 Rxd7 33. exd7 Rd8
34. Rc8 Ke7 35. Rxd8 Kxd8 36. Kf2 Kxd7 37. Ke3 Kc6 38. Kd4 Kb5 39. Kc3 g5 40. g4 1-0

[Event "Chigorin Memorial 2019"]
[Site "St Petersburg RUS"]
[Date "2019.10.07"]
[Round "3.150"]
[White "Reger, Valeriia"]
[Black "Zakharova, Viktoriya"]
[Result "1-0"]
[WhiteElo "1599"]
[BlackElo "1939"]
[WhiteFideId "34175528"]
[BlackFideId "24183890"]
[EventDate "2019.10.05"]

1. d4 Nf6 2. c4 e6 3. Nf3 b6 4. g3 Ba6 5. Qc2 Bb7 6. Nc3 d5 7. Bg2 a6 8. Ne5 Bd6
9. O-O O-O 10. Bf4 Qe7 11. Rfe1 c5 12. dxc5 bxc5 13. Qb3 Nc6 14. Nxc6 Bxc6 15.
cxd5 Rab8 16. Qa3 exd5 17. Bxd6 Qxd6 18. e4 dxe4 19. Nxe4 Bxe4 20. Bxe4 Qd4 21.
Rad1 Qxb2 22. Qxa6 Qb4 23. Bd3 Rfd8 24. Qc4 Kf8 25. Rb1 Qa5 26. Rec1 Rxb1 27.
Rxb1 Qc7 28. Rc1 Rd4 29. Qxd4 1-0

[Event "Chigorin Memorial 2019"]
[Site "St Petersburg RUS"]
[Date "2019.10.07"]
[Round "3.152"]
[White "Golovchenko, Bogdan"]
[Black "Dunaevskaya, Alisa"]
[Result "0-1"]
[WhiteElo "1824"]
[BlackElo "1583"]
[WhiteFideId "54198607"]
[BlackFideId "54115396"]
[EventDate "2019.10.05"]

1. c4 d6 2. Nc3 e5 3. g3 Nf6 4. Bg2 c6 5. d3 Be7 6. Nf3 O-O 7. O-O h6 8. b4 Be6
9. a4 Qc8 10. Re1 Bh3 11. Bh1 Ng4 12. d4 f5 13. e3 Nd7 14. b5 Ndf6 15. Qc2 cxb5
16. axb5 Qxc4 17. Nd2 Qc7 18. Qb3+ Kh8 19. Nd5 Nxd5 20. Qxd5 exd4 21. exd4 Bf6
22. Ba3 Qc3 23. Nf3 Qc2 24. Ra2 Qd3 25. Bg2 Bxg2 26. Kxg2 Rfe8 27. Qxb7 Bxd4 28.
Rxe8+ Rxe8 29. Rd2 Qxa3 30. Nxd4 Qc3 31. Nxf5 Rf8 32. Rd4 Rxf5 33. Rxg4 d5 34.
Rf4 Rxf4 35. gxf4 Qc5 36. f5 d4 37. Qd7 Qe5 38. Kf3 Kh7 39. h3 h5 40. h4 Qf6 41.
Kg3 Qe5+ 42. Kh3 Qf4 43. Kg2 Qg4+ 44. Kf1 Qh3+ 45. Ke2 Qg4+ 46. Kd2 Qxh4 47.
Qxa7 Qxf2+ 48. Kd3 Qxf5+ 49. Kc4 Qf1+ 50. Kc5 d3 51. Qa2 Qf5+ 52. Kc6 Qe4+ 53.
Kc5 Qe3+ 54. Kd6 Qb6+ 55. Ke7 Qxb5 56. Qe6 Qg5+ 57. Kd7 d2 0-1

[Event "Chigorin Memorial 2019"]
[Site "St Petersburg RUS"]
[Date "2019.10.07"]
[Round "3.153"]
[White "Shilo, Kirill"]
[Black "Oleinik, Egor"]
[Result "1-0"]
[WhiteElo "1824"]
[BlackElo "1575"]
[WhiteFideId "34157082"]
[BlackFideId "14158469"]
[EventDate "2019.10.05"]

1. e4 c5 2. Nf3 d6 3. d4 cxd4 4. Nxd4 Nf6 5. Nc3 g6 6. Be3 Bg7 7. f3 Nc6 8. Qd2
Bd7 9. O-O-O O-O 10. Kb1 Rc8 11. g4 Ne5 12. h4 h5 13. Bh6 a6 14. Bxg7 Kxg7 15.
gxh5 Nxh5 16. Rg1 Rh8 17. f4 Nc4 18. Bxc4 Rxc4 19. f5 b5 20. fxg6 fxg6 21. Qg5
Rh6 22. Nd5 Nf6 23. Nf4 Qe8 24. Nf5+ Bxf5 25. exf5 Rc8 26. h5 1-0

[Event "Chigorin Memorial 2019"]
[Site "St Petersburg RUS"]
[Date "2019.10.07"]
[Round "3.154"]
[White "Petrov, Igor"]
[Black "Nikitin, Vladimir"]
[Result "1-0"]
[WhiteElo "1584"]
[BlackElo "1821"]
[WhiteFideId "54110831"]
[BlackFideId "24184187"]
[EventDate "2019.10.05"]

1. d4 g6 2. c4 Bg7 3. e4 d6 4. Nc3 Nf6 5. f3 O-O 6. Be3 Nbd7 7. Qd2 e5 8. d5 a6
9. O-O-O Ne8 10. g4 c6 11. h4 cxd5 12. cxd5 b5 13. h5 b4 14. Na4 Qa5 15. b3 Nc5
16. Nxc5 dxc5 17. hxg6 fxg6 18. Qh2 Nf6 19. Bg5 Bd7 20. Bxf6 Rxf6 21. g5 Rf4 22.
Qxh7+ Kf7 23. Rh6 Qxa2 24. Qxg6+ Kf8 25. Rh7 Qa1+ 26. Kd2 Qc3+ 27. Ke2 Rf7 28.
Qd6+ Ke8 29. Kf2 Qc2+ 30. Be2 Rd8 31. Qg6 Kf8 32. Rxg7 Rxg7 33. Qf6+ Rf7 34.
Qh8+ Ke7 35. d6+ Ke6 36. Qh6+ 1-0

[Event "Chigorin Memorial 2019"]
[Site "St Petersburg RUS"]
[Date "2019.10.07"]
[Round "3.155"]
[White "Fedorov, Egor"]
[Black "Shojhet, Sofiy"]
[Result "1/2-1/2"]
[WhiteElo "1489"]
[BlackElo "1813"]
[WhiteFideId "44126565"]
[BlackFideId "24172405"]
[EventDate "2019.10.05"]

1. c4 e5 2. g3 d6 3. Bg2 f5 4. e3 Nf6 5. Ne2 g6 6. O-O Bg7 7. Nbc3 c6 8. d4 O-O
9. d5 Qe7 10. e4 fxe4 11. dxc6 bxc6 12. Nxe4 Nxe4 13. Bxe4 Bh3 14. Bg2 Bxg2 15.
Kxg2 Qf7 16. Qc2 Qf3+ 17. Kg1 Na6 18. Nc3 Nb4 19. Qe4 Qxe4 20. Nxe4 d5 21. cxd5
cxd5 22. Nc5 Rfc8 23. Ne6 Rc2 24. Rd1 e4 25. Nxg7 Kxg7 26. Be3 Nd3 27. Rd2 Rxd2
28. Bxd2 d4 29. b4 Rc8 30. b5 Rc2 31. Be1 Nc1 32. a4 d3 33. a5 d2 34. Bxd2 Ne2+
35. Kf1 Rxd2 36. b6 axb6 37. a6 Nxg3+ 38. fxg3 Rd8 39. Ke2 Kf6 40. Rb1 Rd3 41.
Rxb6+ Kg7 42. g4 Kh6 43. h4 Ra3 44. Re6 e3 45. Kf3 Ra4 46. Re7 g5 47. hxg5+ Kxg5
48. Rg7+ Kh6 49. Ra7 Kg5 50. Rg7+ Kh6 51. Ra7 Kg5 52. Rxh7 Rxa6 1/2-1/2

[Event "Chigorin Memorial 2019"]
[Site "St Petersburg RUS"]
[Date "2019.10.07"]
[Round "3.156"]
[White "Mekanova, Annagozel"]
[Black "Smirnov, Yaroslav"]
[Result "0-1"]
[WhiteTitle "WFM"]
[WhiteElo "1809"]
[BlackElo "1570"]
[WhiteFideId "14003902"]
[BlackFideId "44110839"]
[EventDate "2019.10.05"]

1. e4 c5 2. Nf3 Nc6 3. d4 cxd4 4. Nxd4 e5 5. Nb3 Nf6 6. Nc3 Bb4 7. Bd2 Bxc3 8.
Bxc3 Nxe4 9. Qg4 Ng5 10. h4 Ne6 11. Bc4 Qe7 12. O-O-O O-O 13. Qg3 d6 14. Rhe1 f6
15. Qd3 Rd8 16. Na5 Qc7 17. Nb3 Kh8 18. g3 Qe7 19. f4 Nc7 20. Qf3 Be6 21. Bxe6
Qxe6 22. f5 Qf7 23. a4 d5 24. Kb1 d4 25. Ba5 Nxa5 26. Nxa5 Nd5 27. h5 h6 28. Nc4
Qd7 29. Rd3 Qxa4 30. Nd2 Rac8 31. Rc1 Qc6 32. Ne4 b5 33. Rb3 a5 34. g4 a4 35.
Rd3 Nb4 36. g5 fxg5 37. f6 Nxd3 38. Qf5 Nxc1 39. Qg6 Qxc2+ 40. Ka1 Qc7 0-1

[Event "Chigorin Memorial 2019"]
[Site "St Petersburg RUS"]
[Date "2019.10.07"]
[Round "3.157"]
[White "Koltsova, Alisa"]
[Black "Kuzmichev, Danil"]
[Result "0-1"]
[WhiteElo "1486"]
[BlackElo "1808"]
[WhiteFideId "24249599"]
[BlackFideId "54174511"]
[EventDate "2019.10.05"]

1. d4 Nf6 2. c4 g6 3. Nc3 d5 4. Nf3 Bg7 5. e3 O-O 6. Be2 c5 7. O-O cxd4 8. Nxd4
e5 9. Nb3 dxc4 10. Bxc4 Qc7 11. Qe2 e4 12. Nd5 Qe5 13. Nxf6+ Bxf6 14. Rd1 Nc6
15. Rd5 Qc7 16. Rb1 a6 17. a4 b6 18. Rd1 Ne5 19. Nd2 Bg4 20. f3 exf3 21. gxf3
Bxf3 22. Nxf3 Nxc4 23. b3 Ne5 24. Ba3 Rfd8 25. Rbc1 Qb7 26. Nxe5 Bxe5 27. Bb2
Qe4 28. Bxe5 Qxe5 29. Rxd8+ Rxd8 30. Re1 Qg5+ 31. Kf2 Rd6 32. Qxa6 Rf6+ 33. Ke2
Qg2+ 34. Kd3 Rd6+ 0-1